Datum a čas kvízu
15.5
Celkem bodů
Celkový počet nahraných bodů na tomto kvízu bez doplňovacích otázek.
4.
Pořadí na kvízu
Konečné umístění týmu na tomto kvízu.
Zaznamenané odpovědi
# | Otázka | Odpověď | Body | Výsledky |
---|---|---|---|---|
1. | Minulý týden byla představena... | Lidl | 1 | |
2. | Úterní předčasné parlamentní v... | Grónsko | 0 | |
3. | Ve středu vystoupil v pražské... | Lenny Kravitz | 1 | |
4. | Dozorčí rada Moravskoslezských... | Hrušovany | 0 | |
5. | Čeští reprezentanti porazili v... | futsal | 0 | |
6. | V příštích pěti otázkách vždy... | D | 0 | |
7. | V době, kdy Lyndon B. Johnson... | Tokio, Mexico City | 0 | |
8. | Co nemohl během svého působení... | B | 1 | |
9. | Ze kterého města pocházel tým,... | Zlín | 0 | |
10. | O které z těchto událostí se z... | D | 0 |